<?xml version="1.0" encoding="UTF-8"?>
<record
    xmlns:xsi="http://www.w3.org/2001/XMLSchema-instance"
    xsi:schemaLocation="http://www.loc.gov/MARC21/slim http://www.loc.gov/standards/marcxml/schema/MARC21slim.xsd"
    xmlns="http://www.loc.gov/MARC21/slim">

  <leader>01682nam a22002177a 4500</leader>
  <datafield tag="999" ind1=" " ind2=" ">
    <subfield code="c">357930</subfield>
    <subfield code="d">357930</subfield>
  </datafield>
  <controlfield tag="003">IT-MiCISF</controlfield>
  <controlfield tag="005">20180705165126.0</controlfield>
  <controlfield tag="008">180705b           ||||| |||| 00| 0 eng d</controlfield>
  <datafield tag="040" ind1=" " ind2=" ">
    <subfield code="c">IT-MiCISF</subfield>
  </datafield>
  <datafield tag="041" ind1=" " ind2=" ">
    <subfield code="a">it</subfield>
  </datafield>
  <datafield tag="100" ind1=" " ind2=" ">
    <subfield code="a">Di Nardo Filippo (a cura di)</subfield>
    <subfield code="9">57286</subfield>
  </datafield>
  <datafield tag="245" ind1=" " ind2=" ">
    <subfield code="a">Un welfare aziendale per le donne</subfield>
    <subfield code="b">Strumenti a sostegno della conciliazione vita-lavoro</subfield>
  </datafield>
  <datafield tag="260" ind1=" " ind2=" ">
    <subfield code="a">Milano</subfield>
    <subfield code="b">GueriniNext</subfield>
    <subfield code="c">2017</subfield>
  </datafield>
  <datafield tag="300" ind1=" " ind2=" ">
    <subfield code="a">pp. 190</subfield>
  </datafield>
  <datafield tag="500" ind1=" " ind2=" ">
    <subfield code="a">donna-lavoratrice, famiglia, welfare, madre-lavoratrice, vita-familiare, lavoro-domestico</subfield>
  </datafield>
  <datafield tag="501" ind1=" " ind2=" ">
    <subfield code="a">Prefazione di Keller Andrea</subfield>
  </datafield>
  <datafield tag="520" ind1=" " ind2=" ">
    <subfield code="a">Le donne costrette a rinunciare al lavoro a causa degli impegni familiari sono quantificabili, secondo l&#x2019;Istat, in circa 10 milioni in un arco temporale di 10 anni. In altri termini, questo significa che il 41% della popolazione femminile tra i 18 e i 74 anni ha dovuto, forzatamente, rinunciare al lavoro o ad opportunit&#xE0; di carriera e di crescita professionale. Questo, a causa di impegni di natura familiare, compresa la gravidanza, che non permettono in molti casi una virtuosa conciliazione dei tempi. Il welfare aziendale per le donne &#xE8; un valido strumento di sostegno nella condizione lavorativa e di carriera soprattutto nell&#x2019;ottica di una conciliazione tra gli impegni di lavoro e quelli del carico familiare. Rispetto agli strumenti di natura statale e a quanto indicato dalle norme in tema di maternit&#xE0;, sostegno familiare e conciliazione dei tempi, il welfare aziendale rappresenta un&#x2019;integrazione privata di grandissimo valore e utilit&#xE0;. Un&#x2019;opportunit&#xE0; che in molti stanno cogliendo.</subfield>
  </datafield>
  <datafield tag="650" ind1=" " ind2=" ">
    <subfield code="a">donna</subfield>
    <subfield code="9">56116</subfield>
  </datafield>
  <datafield tag="654" ind1=" " ind2=" ">
    <subfield code="a">indagine</subfield>
  </datafield>
  <datafield tag="942" ind1=" " ind2=" ">
    <subfield code="2">ddc</subfield>
    <subfield code="c">BK</subfield>
  </datafield>
  <datafield tag="952" ind1=" " ind2=" ">
    <subfield code="0">0</subfield>
    <subfield code="1">0</subfield>
    <subfield code="2">ddc</subfield>
    <subfield code="4">0</subfield>
    <subfield code="6">B_7459_000000000000000</subfield>
    <subfield code="7">1</subfield>
    <subfield code="a">CISF</subfield>
    <subfield code="b">CISF</subfield>
    <subfield code="d">2018-07-05</subfield>
    <subfield code="l">0</subfield>
    <subfield code="o">b7459</subfield>
    <subfield code="p">9788868961527</subfield>
    <subfield code="r">2018-07-05 00:00:00</subfield>
    <subfield code="w">2018-07-05</subfield>
    <subfield code="y">BK</subfield>
  </datafield>
</record>
